Loading...

Urban Government /

Bibliographic Details
Main Author: Baker, Benjamin .
Format: Printed Book
Published: New york : D.Van Nostrand , 1965.
Subjects:
LEADER 00405cam a2200133ua 4500
082 1 4 |a 307.76  |b BAK-U 
100 1 |a Baker, Benjamin . 
245 0 0 |a Urban Government /  
260 |a New york :   |b D.Van Nostrand ,   |c 1965. 
300 |a NULL ;  
650 0 |a Urban community 
942 |c G 
999 |c 33961  |d 33961 
952 |0 0  |1 0  |4 0  |6 307_760000000000000_BAKU  |7 0  |9 43438  |a KU  |b KU  |d 2015-07-05  |l 0  |o 307.76 BAK-U  |p G00200   |r 2015-07-05  |y G